Rubāʻīyāt-i ʻUmar K̲h̲ayyām : (Record no. 589519)

000 -LEADER
fixed length control field 01369cam a22004097a 4500
001 - CONTROL NUMBER
control field 15109574
003 - CONTROL NUMBER IDENTIFIER
control field NUST
005 - DATE AND TIME OF LATEST TRANSACTION
control field 20220509125408.0
008 - FIXED-LENGTH DATA ELEMENTS--GENERAL INFORMATION
fixed length control field 071212s2007 ii 000 0 urd
010 ## - LIBRARY OF CONGRESS CONTROL NUMBER
LC control number 2007375316
020 ## - INTERNATIONAL STANDARD BOOK NUMBER
International Standard Book Number 9781864760798
025 ## - OVERSEAS ACQUISITION NUMBER
Overseas acquisition number I-U-2007-375316; 11
037 ## - SOURCE OF ACQUISITION
Stock number Library of Congress -- New Delhi Overseas Office
Terms of availability Rs600.00
038 ## - RECORD CONTENT LICENSOR
Staff Name Arshad
040 ## - CATALOGING SOURCE
Original cataloging agency DLC
Transcribing agency DLC
Modifying agency DLC
041 1# - LANGUAGE CODE
Language code of text/sound track or separate title urd
-- hin
-- san
-- per
Language code of original per
042 ## - AUTHENTICATION CODE
Authentication code lcode
050 00 - LIBRARY OF CONGRESS CALL NUMBER
Classification number MLCMA 2008/00076 (P)
-- PK6511.A1
082 ## - DEWEY DECIMAL CLASSIFICATION NUMBER
Classification number 891.551
Author Mark KHA
100 0# - MAIN ENTRY--PERSONAL NAME
Personal name Omar Khayyam.
9 (RLIN) 91360
245 10 - TITLE STATEMENT
Title Rubāʻīyāt-i ʻUmar K̲h̲ayyām :
Remainder of title in English verse /
Statement of responsibility, etc. Omar Khayyam; Hüseyin Daniş
260 ## - PUBLICATION, DISTRIBUTION, ETC.
Place of publication, distribution, etc. Australia :
Name of publisher, distributor, etc. Axiom,
Date of publication, distribution, etc. 2001.
300 ## - PHYSICAL DESCRIPTION
Extent 73 p. ;
Dimensions 25 cm.
563 ## - BINDING INFORMATION
Binding note PBK
650 ## - SUBJECT ADDED ENTRY--TOPICAL TERM
Topical term or geographic name entry element Persian poetry
9 (RLIN) 91361
650 ## - SUBJECT ADDED ENTRY--TOPICAL TERM
Topical term or geographic name entry element Manuscripts, Persian
9 (RLIN) 91362
700 1# - ADDED ENTRY--PERSONAL NAME
Personal name Rākesh, Mushtāq Aḥmad.
9 (RLIN) 91363
700 1# - ADDED ENTRY--PERSONAL NAME
Personal name Aroṛā, Dharmendar Nāth.
9 (RLIN) 91364
700 1# - ADDED ENTRY--PERSONAL NAME
Personal name ʻUs̲mānī, Abulfaiz̤.
9 (RLIN) 91365
700 02 - ADDED ENTRY--PERSONAL NAME
Personal name Omar Khayyam.
Title of a work Rubāʻīyāt.
9 (RLIN) 91366
700 02 - ADDED ENTRY--PERSONAL NAME
Personal name Omar Khayyam.
Title of a work Rubāʻīyāt.
Language of a work Hindi.
9 (RLIN) 91367
700 02 - ADDED ENTRY--PERSONAL NAME
Personal name Omar Khayyam.
Title of a work Rubāʻīyāt.
Language of a work Sanskrit.
9 (RLIN) 91368
700 02 - ADDED ENTRY--PERSONAL NAME
Personal name Omar Khayyam.
Title of a work Rubāʻīyāt.
Language of a work Urdu.
9 (RLIN) 91369
906 ## - LOCAL DATA ELEMENT F, LDF (RLIN)
a 7
b ibc
c origode
d 4
e ncip
f 20
g y-gencatlg
942 ## - ADDED ENTRY ELEMENTS (KOHA)
Source of classification or shelving scheme
Koha item type Book
Holdings
Withdrawn status Lost status Source of classification or shelving scheme Damaged status Not for loan Permanent Location Current Location Shelving location Date acquired Total Checkouts Full call number Barcode Date last seen Price effective from Koha item type
          Central Library (CL) Central Library (CL) Urdu Literature 05/09/2022   891.551 KHA CL2117 05/09/2022 05/09/2022 Book
© 2023 Central Library, National University of Sciences and Technology. All Rights Reserved.